A history of western astrology /

Bibliographic Details
Main Author: Tester, S. J. (S. Jim)
Format: Book
Language:English
Published: Woodbridge, Suffolk : Boydell Press, 1987.
Subjects:

MARC

Tag First Indicator Second Indicator Subfields
LEADER 00000cam a22000008a 4500
001 in00000017420
005 20151007053544.0
008 860911s1987 enka b 00110 eng
010 |a  86024503  
020 |a 0851154468 :  |c $29.95 (U.S.) 
035 |a (OCoLC)14272163 
035 |9 AAB2054AM 
040 |a DLC  |c DLC  |d m/c  |d TXA  |d UtOrBLW 
049 |a TXAM  |c [A11107579] 
050 0 0 |a BF1671  |b .T37 1987 
082 0 |a 133.5/09  |2 19 
100 1 |a Tester, S. J.  |q (S. Jim) 
245 1 2 |a A history of western astrology /  |c S.J. Tester. 
263 |a 8705 
264 1 |a Woodbridge, Suffolk :  |b Boydell Press,  |c 1987. 
300 |a viii, 256 pages :  |b illustrations 
336 |a text  |b txt  |2 rdacontent 
337 |a unmediated  |b n  |2 rdamedia 
338 |a volume  |b nc  |2 rdacarrier 
504 |a Includes bibliographical references and index. 
650 0 |a Astrology  |x History. 
999 |a MARS 
999 f f |s 64132fc7-8f6b-317b-a9c5-41bcd775dfc8  |i 5dcff205-49de-32d9-89d6-38d4ff99bf30  |t 0 
952 f f |p normal  |a Texas A&M University  |b College Station  |c Sterling C. Evans Library  |d Evans: Library Stacks  |t 0  |e BF1671 .T37 1987  |h Library of Congress classification  |i unmediated -- volume  |m A14811107579 
998 f f |a BF1671 .T37 1987  |t 0  |l Evans: Library Stacks